| 000 | 00322nam a2200121Ia 4500 | ||
|---|---|---|---|
| 008 | 150202s9999 xx 000 0 und d | ||
| 050 |
_aFIC _bFIC |
||
| 100 | _aReynolds, Mack. | ||
| 245 |
_aLagrange five / _cMack Reynolds. |
||
| 260 |
_aUSA : _bBantam Books, _c1979. |
||
| 300 |
_a226 pages : _c18 cm. |
||
| 650 | _aFiction. | ||
| 999 |
_c282345 _d282345 |
||